000 00717cam a2200181 i 4500
005 20251210114810.0
008 250721r1992 le gr 000 0 ara d
082 1 4 _a216.4
_bح ص ر
100 1 _aالحصري، أحمد
_eمؤلف.
245 1 0 _aعلم الفرائض و الحقوق التركات و الوصايا :
_bوالقضايا المتعلقة بهما في الفقه الاسلامي المقارن /
_cتاليف الدتور احمد الحصري.
250 _aالطبعة الاولى.
264 3 1 _aبيروت :
_bدار الجيل،
_c1992.
300 _a720صفحة.
650 1 7 _aالفقه الإسلامي.
650 1 7 _aالمواريث.
942 _2ddc
_cBK
999 _c99628
_d99628